[Event "Frankfurt Ch A 2015"]
[Site "Ffm-Höchst, BiKuZ"]
[Date "2015.06.15"]
[Round "7.11"]
[White "Winand, Edgar"]
[Black "Calvi, Stefan"]
[Result "0-1"]
[WhiteElo "1867"]
[BlackElo "1980"]
[PlyCount "72"]
[EventDate "2015.??.??"]
[WhiteTeam "SC Flörsheim"]
[BlackTeam "SF Frankfurt"]

1. Nf3 Nf6 2. d4 g6 3. e3 Bg7 4. b3 c5 5. Bb2 cxd4 6. exd4 O-O 7. Be2 d6 8. O-O
b6 9. Nbd2 Bb7 10. c4 d5 11. Ne5 Nc6 12. f4 dxc4 13. Nxc6 Bxc6 14. bxc4 Ne4 15.
Nf3 Rc8 16. Qb3 Qc7 17. g3 e6 18. Rfd1 Rfd8 19. Rac1 Ba8 20. Qe3 Qb7 21. Ba3
Nf6 22. h3 h5 23. Kh2 Bh6 24. Rg1 Ne8 25. Ne5 Qe4 26. Qxe4 Bxe4 27. Rgd1 Nd6
28. c5 Nf5 29. cxb6 Rxc1 30. Rxc1 axb6 31. Rc7 h4 32. Nd7 hxg3+ 33. Kg1 Bxf4
34. Nf6+ Kg7 35. Rxf7+ Kxf7 36. Nxe4 Nh4 0-1

[Event "Frankfurt Ch A 2015"]
[Site "Ffm-Höchst, BiKuZ"]
[Date "2015.06.15"]
[Round "7.12"]
[White "Gutacker, Stephan"]
[Black "Willems, Matthias"]
[Result "1/2-1/2"]
[WhiteElo "1809"]
[BlackElo "1949"]
[PlyCount "57"]
[EventDate "2015.??.??"]
[WhiteTeam "Sfr. Kelkheim"]
[BlackTeam "SC Bad Nauheim"]

1. e4 c5 2. c3 Nf6 3. e5 Nd5 4. Nf3 e6 5. d4 cxd4 6. cxd4 d6 7. Nc3 Nxc3 8.
bxc3 Qc7 9. Bd2 Nd7 10. exd6 Bxd6 11. Bd3 Nf6 12. O-O O-O 13. c4 b6 14. h3 Bb7
15. Qe2 Rfd8 16. Bg5 Be7 17. Rac1 h6 18. Be3 Nd7 19. Bb1 Bf6 20. Rfd1 Rac8 21.
Nh2 Bg5 22. Bxg5 hxg5 23. Qh5 Nf6 24. Qxg5 Be4 25. Bxe4 Nxe4 26. Qe3 Nd6 27. c5
Nf5 28. Qc3 bxc5 29. dxc5 1/2-1/2

[Event "Frankfurt Ch A 2015"]
[Site "Ffm-Höchst, BiKuZ"]
[Date "2015.06.15"]
[Round "7.13"]
[White "Stock, Jürgen"]
[Black "Breitwieser, Jasmin"]
[Result "1/2-1/2"]
[WhiteElo "1867"]
[BlackElo "1925"]
[PlyCount "106"]
[EventDate "2015.??.??"]
[WhiteTeam "SC Eschborn"]
[BlackTeam "SF Frankfurt"]

1. d4 d5 2. e3 c5 3. c3 e6 4. f4 g6 5. Nf3 Bg7 6. Bd3 Nh6 7. Qe2 O-O 8. O-O b6
9. Nbd2 Bb7 10. Ng5 Qc8 11. g4 f6 12. Nh3 e5 13. Nf2 e4 14. Bb5 cxd4 15. exd4
Ba6 16. Bxa6 Qxa6 17. Re1 Qxe2 18. Rxe2 f5 19. g5 Nf7 20. Nd1 Nc6 21. Ne3 Ne7
22. Ndf1 Rac8 23. Nc2 Nd8 24. Kg2 Ne6 25. Kg3 Rc7 26. Nfe3 a5 27. Bd2 Nxg5 28.
fxg5 f4+ 29. Kg4 fxe3 30. Nxe3 Rf3 31. Rf1 Rxf1 32. Nxf1 Nf5 33. Bf4 Rc8 34.
Rd2 b5 35. Be5 b4 36. cxb4 axb4 37. Bxg7 Kxg7 38. Kf4 Nh4 39. Ne3 Nf3 40. Rd1
Rf8+ 41. Kg3 Ra8 42. Nxd5 Rxa2 43. Nf6 Nxg5 44. Ng4 Rxb2 45. Kf4 Nf3 46. Kxe4
Nxh2 47. Ne3 Re2 48. Kd3 Ra2 49. Rb1 Ra3+ 50. Ke4 b3 51. Rb2 Ra2 52. Rxb3 h5
53. d5 Rd2 1/2-1/2

[Event "Frankfurt Ch A 2015"]
[Site "Ffm-Höchst, BiKuZ"]
[Date "2015.06.15"]
[Round "7.14"]
[White "Kaulfuss, Helmut"]
[Black "Beinrucker, Clemens"]
[Result "1/2-1/2"]
[WhiteElo "2046"]
[BlackElo "1902"]
[PlyCount "150"]
[EventDate "2015.??.??"]
[WhiteTeam "SV Hofheim"]
[BlackTeam "SK Niederbrechen"]

1. e4 c5 2. d3 g6 3. g3 Bg7 4. Bg2 Nc6 5. Nc3 e6 6. Nge2 Nge7 7. O-O O-O 8. Nf4
Rb8 9. Nce2 b5 10. c3 b4 11. c4 Bb7 12. Qc2 d6 13. Be3 Qb6 14. Qd2 b3 15. a3
Qa5 16. Rab1 Nc8 17. Qxa5 Nxa5 18. Bd2 Nc6 19. Bc3 Nd4 20. Nxd4 Bxd4 21. Ne2
Bxc3 22. Nxc3 a6 23. Ra1 Ne7 24. f4 Nc6 25. Rf2 Nd4 26. Re1 f6 27. Bf3 e5 28.
Bd1 Bc6 29. Ref1 g5 30. h3 Kg7 31. Kh2 h6 32. Bh5 exf4 33. gxf4 Be8 34. Bd1 Bc6
35. Rg1 Kh7 36. Bg4 Rb7 37. Ne2 Nxe2 38. Bxe2 a5 39. fxg5 hxg5 40. Rxg5 Rg7 41.
Rgf5 Rg6 42. Bg4 Kg7 43. Rh5 Rg5 44. Rf5 Rxh5 45. Rxh5 Rh8 46. Kg3 Rxh5 47.
Bxh5 Kh6 48. Bf7 Bd7 49. h4 f5 50. Kf4 fxe4 51. dxe4 Kg7 52. Bh5 Kf6 53. Bg4
Be8 54. h5 Bf7 55. Be2 Be6 56. h6 Kg6 57. e5 d5 58. cxd5 Bxd5 59. Ke3 Kxh6 60.
Bg4 Kg6 61. Kd3 Kf7 62. Kc3 Ke7 63. Bd1 a4 64. Be2 Ke6 65. Bb5 Kxe5 66. Bxa4
Kd6 67. Bxb3 Bg2 68. Bc4 Kc6 69. Bf7 Bf1 70. Bg6 Be2 71. Be8+ Kb6 72. b3 Bg4
73. a4 Be6 74. Bb5 Ka5 75. Bc4 Bh3 1/2-1/2

[Event "Frankfurt Ch A 2015"]
[Site "Ffm-Höchst, BiKuZ"]
[Date "2015.06.15"]
[Round "7.15"]
[White "Marzahn, Heiko"]
[Black "Hochmuth, Christian"]
[Result "0-1"]
[WhiteElo "2025"]
[BlackElo "1795"]
[PlyCount "88"]
[EventDate "2015.??.??"]
[WhiteTeam "Sfr. Erbach"]
[BlackTeam "SG Wächtersbach"]

1. e4 c6 2. d4 d5 3. exd5 cxd5 4. Bd3 Nc6 5. c3 Qc7 6. Ne2 Nf6 7. Bf4 e5 8.
dxe5 Nxe5 9. Bb5+ Bd7 10. Bxd7+ Kxd7 11. Bg5 Rd8 12. Bxf6 gxf6 13. f4 Nc4 14.
Qd3 Kc8 15. b3 Nd6 16. O-O Ne4 17. Nd2 f5 18. Nd4 Bc5 19. b4 Bxd4+ 20. cxd4 Qb6
21. Nf3 Rhg8 22. Rac1+ Kb8 23. a3 Qg6 24. Rc2 f6 25. Rfc1 Rg7 26. Qb5 a6 27.
Qb6 Rdg8 28. Ne1 Qg4 29. b5 axb5 30. Qxb5 Qxf4 31. Qe2 Ng5 32. Qd3 Qe4 33. Re2
Qxd3 34. Nxd3 Nf3+ 35. Kf1 Nxh2+ 36. Kg1 Nf3+ 37. Kh1 Nxd4 38. Rf2 b6 39. Nf4
Rd7 40. Rb2 Kb7 41. Rcb1 Rd6 42. Rb4 Nc2 43. R4b3 Ra8 44. Rc1 Rxa3 0-1

[Event "Frankfurt Ch A 2015"]
[Site "Ffm-Höchst, BiKuZ"]
[Date "2015.06.15"]
[Round "7.16"]
[White "Kalepky, Helmut"]
[Black "Drill, Frank"]
[Result "0-1"]
[WhiteElo "1872"]
[BlackElo "2024"]
[PlyCount "70"]
[EventDate "2015.??.??"]
[WhiteTeam "SF Heidesheim"]
[BlackTeam "SF Neuberg"]

1. d4 d6 2. Nf3 Bg4 3. e3 Nd7 4. h3 Bh5 5. c4 c6 6. Nc3 Ngf6 7. b3 e6 8. Bd3
Be7 9. Bb2 Qc7 10. Rc1 O-O 11. O-O a5 12. Ne2 Bg6 13. Ng3 Rfe8 14. Bxg6 hxg6
15. e4 e5 16. Qc2 Qb8 17. Rfd1 Bd8 18. d5 cxd5 19. cxd5 Bb6 20. Qe2 Bc5 21. a3
b5 22. Nd2 Qb7 23. Nb1 Rab8 24. Nf1 Nh5 25. g3 Rf8 26. Kg2 f5 27. exf5 Rxf5 28.
Ne3 Rf7 29. Ng4 Nhf6 30. Nxf6+ Nxf6 31. Qd3 Nxd5 32. Qxd5 Qxd5+ 33. Rxd5 Rxf2+
34. Kh1 Rxb2 35. Rcd1 Rf8 0-1

[Event "Frankfurt Ch A 2015"]
[Site "Ffm-Höchst, BiKuZ"]
[Date "2015.06.15"]
[Round "7.17"]
[White "Krüger, Till"]
[Black "Orlinski, Wolfgang"]
[Result "1/2-1/2"]
[WhiteElo "1856"]
[BlackElo "2004"]
[PlyCount "70"]
[EventDate "2015.??.??"]
[WhiteTeam "SC Nidderau"]
[BlackTeam "SF Frankfurt"]

1. e4 c5 2. Nf3 d6 3. Bb5+ Bd7 4. Bxd7+ Qxd7 5. c4 Nc6 6. d4 cxd4 7. Nxd4 Nf6
8. Nc3 g6 9. b3 Bg7 10. Bb2 O-O 11. O-O e6 12. Qd2 Nxd4 13. Qxd4 Qc6 14. Rfe1
Rfd8 15. Rad1 a6 16. a4 Ng4 17. Qd2 Qb6 18. h3 Ne5 19. Qc2 Rac8 20. Ne2 Nc6 21.
Bxg7 Kxg7 22. Qc3+ f6 23. Nf4 Kf7 24. h4 Ne5 25. Qh3 Re8 26. Nd3 Nxd3 27. Rxd3
Rcd8 28. Red1 Ke7 29. Qg3 Rf8 30. Qf4 Qc5 31. Qh6 Rf7 32. Qd2 a5 33. g3 g5 34.
hxg5 fxg5 35. Re3 Qe5 1/2-1/2

[Event "Frankfurt Ch A 2015"]
[Site "Ffm-Höchst, BiKuZ"]
[Date "2015.06.15"]
[Round "7.18"]
[White "Zimmer, Gerald"]
[Black "Roggensack, Hans Peter"]
[Result "1/2-1/2"]
[WhiteElo "1819"]
[BlackElo "1998"]
[PlyCount "45"]
[EventDate "2015.??.??"]
[WhiteTeam "SC Bergen-Enkheim"]
[BlackTeam "SF Frankfurt"]

1. Nf3 d5 2. d4 Nf6 3. c4 c6 4. cxd5 cxd5 5. Nc3 e6 6. e3 Nc6 7. Bd3 Be7 8. O-O
O-O 9. a3 b6 10. b4 Bb7 11. Bb2 Re8 12. Rc1 Rc8 13. Qe2 Qd6 14. Nb5 Qb8 15.
Rfd1 a5 16. bxa5 Nxa5 17. Ne5 Rxc1 18. Rxc1 Rc8 19. Rxc8+ Qxc8 20. f3 Nd7 21.
Nxd7 Qxd7 22. Qc2 h6 23. Kf2 1/2-1/2

[Event "Frankfurt Ch A 2015"]
[Site "Ffm-Höchst, BiKuZ"]
[Date "2015.06.15"]
[Round "7.20"]
[White "Bernig, Andreas"]
[Black "Gräbner, Walter"]
[Result "0-1"]
[WhiteElo "1711"]
[BlackElo "1955"]
[PlyCount "84"]
[EventDate "2015.??.??"]
[WhiteTeam "SV Oberursel"]
[BlackTeam "SC Nied"]

1. e4 c6 2. d4 d5 3. e5 c5 4. c3 Nc6 5. Nf3 Bg4 6. Be2 e6 7. O-O Nge7 8. Be3
Nf5 9. Na3 cxd4 10. cxd4 Bxa3 11. bxa3 O-O 12. Rb1 Rb8 13. h3 Bxf3 14. Bxf3 Qa5
15. Rb3 Qa4 16. Rd3 Qxd1 17. Rfxd1 Rfc8 18. g4 Nxe3 19. fxe3 Ne7 20. e4 Rc2 21.
exd5 exd5 22. R1d2 Rbc8 23. Rxc2 Rxc2 24. Rb3 b6 25. Rb5 Rxa2 26. Bxd5 Nxd5 27.
Rxd5 Kf8 28. Rd7 Rxa3 29. d5 Ke8 30. Rb7 Ra5 31. Rb8+ Kd7 32. Rb7+ Kc8 33. Rxf7
Rxd5 34. Rxa7 Rxe5 35. Rxg7 b5 36. Rxh7 b4 37. Rf7 b3 38. Rf2 Rc5 39. h4 Rc1+
40. Kg2 Rc2 41. g5 Rxf2+ 42. Kxf2 b2 0-1

[Event "Frankfurt Ch A 2015"]
[Site "Ffm-Höchst, BiKuZ"]
[Date "2015.06.15"]
[Round "7.21"]
[White "Thole, Markus"]
[Black "Seickel, Ralf"]
[Result "0-1"]
[WhiteElo "1773"]
[BlackElo "1937"]
[PlyCount "76"]
[EventDate "2015.??.??"]
[WhiteTeam "SG Rödermark"]
[BlackTeam "vereinslos"]

1. e4 c5 2. Nf3 d6 3. d4 Nf6 4. Nc3 cxd4 5. Nxd4 a6 6. Bg5 e6 7. f4 h6 8. Bh4
Qb6 9. a3 Nc6 10. Bf2 Qc7 11. Be2 Bd7 12. Bf3 Nxd4 13. Qxd4 Bc6 14. O-O-O Be7
15. Qb6 Qb8 16. Rd3 Nd7 17. Qe3 b5 18. Ne2 Nc5 19. Rdd1 Qb7 20. b4 Nxe4 21. Nd4
Bd5 22. Rhe1 Nxf2 23. Bxd5 Qxd5 24. Qxf2 Qa2 25. Qf3 Qa1+ 26. Kd2 Qxd4+ 27. Kc1
Qa7 28. Qc6+ Kf8 29. f5 e5 30. Rxe5 dxe5 31. Rd7 Qe3+ 32. Kb1 Re8 33. Qxa6 h5
34. Rd3 Qe1+ 35. Kb2 Bf6 36. Qd6+ Kg8 37. Rd1 Qe2 38. Rd2 Qc4 0-1

[Event "Frankfurt Ch A 2015"]
[Site "Ffm-Höchst, BiKuZ"]
[Date "2015.06.15"]
[Round "7.22"]
[White "Illenberger, Dirk"]
[Black "Lebermann, Hellmuth"]
[Result "1-0"]
[WhiteElo "1698"]
[BlackElo "1935"]
[PlyCount "123"]
[EventDate "2015.??.??"]
[WhiteTeam "TSG Nieder-Erlenbach"]
[BlackTeam "SK Bad Homburg"]

1. e4 d6 2. d4 Nf6 3. Nc3 c6 4. f4 Nbd7 5. Nf3 Qa5 6. Bd3 e5 7. dxe5 dxe5 8.
O-O Bc5+ 9. Kh1 O-O 10. f5 b5 11. Qe1 b4 12. Ne2 Ba6 13. Qh4 Bxd3 14. cxd3 Qb6
15. Bg5 Rfe8 16. Ng3 Be3 17. Nh5 Nxh5 18. Qxh5 f6 19. Bh4 Red8 20. Ne1 Rf8 21.
Rf3 Qc5 22. Rh3 Bh6 23. g4 Qe7 24. Nf3 c5 25. Rg1 Kh8 26. g5 fxg5 27. Bxg5 Nf6
28. Qh4 Bxg5 29. Nxg5 h6 30. Ne6 Rg8 31. Rg6 Raf8 32. Nxf8 Qxf8 33. Rxf6 Qxf6
34. Qxf6 gxf6 35. Rxh6+ Kg7 36. Rg6+ Kf7 37. Rxg8 Kxg8 38. Kg2 Kh7 39. a3 a5
40. a4 Kh6 41. Kf2 Kg5 42. Ke3 Kg4 43. Kd2 Kh3 44. Kc2 Kxh2 45. Kb3 Kg3 46. Kc4
Kf3 47. Kxc5 Ke3 48. Kc4 b3 49. Kc3 Ke2 50. d4 exd4+ 51. Kxd4 Kd2 52. e5 fxe5+
53. Kxe5 Kc2 54. f6 Kxb2 55. f7 Ka2 56. f8=Q b2 57. Qf2 Ka1 58. Qd4 Ka2 59. Qd2
Ka1 60. Qc3 Ka2 61. Qc2 Ka1 62. Kd5 1-0

[Event "Frankfurt Ch A 2015"]
[Site "Ffm-Höchst, BiKuZ"]
[Date "2015.06.15"]
[Round "7.23"]
[White "Egenolf, Dirk"]
[Black "Makilla, Tobias"]
[Result "1/2-1/2"]
[WhiteElo "1930"]
[BlackElo "1767"]
[PlyCount "68"]
[EventDate "2015.??.??"]
[WhiteTeam "SK Niederbrechen"]
[BlackTeam "SC Hattersheim"]

1. e4 e5 2. Nf3 Nc6 3. Bb5 a6 4. Ba4 Nf6 5. O-O b5 6. Bb3 Be7 7. c3 Nxe4 8. Re1
Nc5 9. Nxe5 Nxe5 10. Rxe5 Nd3 11. Re3 Nxc1 12. Qxc1 O-O 13. Qd1 Bb7 14. d4 Bg5
15. Re1 Qf6 16. Nd2 Bh4 17. g3 Bg5 18. Ne4 Qf5 19. Nxg5 Qxg5 20. Re5 Qf6 21. f4
Rae8 22. Qe2 Rxe5 23. fxe5 Qc6 24. d5 Qc5+ 25. Qf2 Qxf2+ 26. Kxf2 Re8 27. Re1
Kf8 28. Kf3 d6 29. Kf4 Rxe5 30. Rxe5 dxe5+ 31. Kxe5 Ke7 32. c4 bxc4 33. Bxc4
f6+ 34. Kd4 Kd6 1/2-1/2

[Event "Frankfurt Ch A 2015"]
[Site "Ffm-Höchst, BiKuZ"]
[Date "2015.06.15"]
[Round "7.24"]
[White "Kuhn, Gerhard"]
[Black "Fischer, Ulrich"]
[Result "1/2-1/2"]
[WhiteElo "1912"]
[BlackElo "1740"]
[PlyCount "85"]
[EventDate "2015.??.??"]
[WhiteTeam "SK Marburg"]
[BlackTeam "Frankfurter TV"]

1. e4 e5 2. Nf3 Nc6 3. Nc3 Nf6 4. d4 exd4 5. Nd5 Nb4 6. Nxd4 Nbxd5 7. exd5 Bc5
8. Nb3 Qe7+ 9. Be2 Bb6 10. d6 Qxd6 11. Qxd6 cxd6 12. O-O O-O 13. Bf3 d5 14. Bf4
d6 15. Bxd6 Re8 16. Rfe1 Bf5 17. c3 Be4 18. Be2 Rac8 19. Bg3 a5 20. Bb5 Re6 21.
Nd4 Bxd4 22. cxd4 h6 23. Rac1 Rxc1 24. Rxc1 Bf5 25. Be5 Rb6 26. a4 Bd7 27. Bc7
Re6 28. Bd3 Bxa4 29. Bxa5 Rc6 30. Ra1 Bc2 31. Bb5 Rc8 32. Rc1 Bf5 33. Rxc8+
Bxc8 34. f3 Bd7 35. Bd3 Kf8 36. Bb4+ Ke8 37. Kf2 Ba4 38. g4 Nd7 39. h4 Nb6 40.
Be1 Nc4 41. b4 Ke7 42. Ke2 Bb5 43. Bxc4 1/2-1/2

[Event "Frankfurt Ch A 2015"]
[Site "Ffm-Höchst, BiKuZ"]
[Date "2015.06.15"]
[Round "7.25"]
[White "Liebske, Reiner"]
[Black "Koch, Markus"]
[Result "0-1"]
[WhiteElo "1771"]
[BlackElo "2123"]
[PlyCount "117"]
[EventDate "2015.??.??"]
[WhiteTeam "SV Frankfurt Nord"]
[BlackTeam "SC Brett vorm Kopp"]

1. e4 c5 2. Nf3 d6 3. d4 cxd4 4. Nxd4 Nf6 5. Nc3 g6 6. Be2 Bg7 7. O-O a6 8. Be3
Nbd7 9. f4 O-O 10. Bf3 Nb6 11. Qe2 Qc7 12. Nd5 Nfxd5 13. exd5 Nc4 14. c3 Bd7
15. Bf2 Rae8 16. b3 Nb6 17. Rac1 e5 18. dxe6 fxe6 19. Qd2 e5 20. fxe5 dxe5 21.
Bg3 Qc8 22. Nc2 e4 23. Be2 Qxc3 24. Qd6 Qc6 25. Nb4 Rxf1+ 26. Rxf1 Qxd6 27.
Bxd6 a5 28. Bc5 axb4 29. Bxb6 Bc6 30. Bc4+ Kh8 31. Bc5 Ra8 32. Rf2 h6 33. Re2
Bc3 34. Kf2 Ra5 35. Bb6 Rf5+ 36. Ke3 Kg7 37. Bd4+ Bxd4+ 38. Kxd4 Kf6 39. Rd2 h5
40. h3 Kg5 41. Be6 Ra5 42. g4 Kf4 43. gxh5 gxh5 44. Rf2+ Kg3 45. Ke3 Rc5 46.
Rf5 Rc3+ 47. Kd2 h4 48. Rg5+ Kh2 49. Rh5 e3+ 50. Ke2 Kg3 51. Rg5+ Kf4 52. Rg4+
Ke5 53. Bg8 Be4 54. Bc4 Kd4 55. Rxh4 Rc2+ 56. Ke1 Rxa2 57. Rg4 Ke5 58. h4 Bf3
59. Rg5+ 0-1

[Event "Frankfurt Ch A 2015"]
[Site "Ffm-Höchst, BiKuZ"]
[Date "2015.06.15"]
[Round "7.27"]
[White "Schmitt, Hans Walter"]
[Black "Schellen, Sven"]
[Result "1/2-1/2"]
[WhiteElo "1917"]
[BlackElo "1729"]
[PlyCount "106"]
[EventDate "2015.??.??"]
[WhiteTeam "SC Bad Soden"]
[BlackTeam "SF Frankfurt"]

1. b3 e5 2. Bb2 f6 3. e4 Bc5 4. Ne2 Nc6 5. c3 d5 6. exd5 Qxd5 7. Ng3 Be6 8. b4
Bf8 9. a3 O-O-O 10. c4 Qd7 11. Be2 g6 12. O-O Bh6 13. Ne4 Qf7 14. Qc2 Nge7 15.
d3 Nf5 16. Bg4 Ncd4 17. Qa4 Kb8 18. Nc5 Bc8 19. Nc3 Qe8 20. b5 Bf8 21. N5e4 Bg7
22. Nd5 Rf8 23. Rab1 Nxb5 24. Qb4 Nbd6 25. Nc5 Qc6 26. Bf3 Nh4 27. Be2 b6 28.
g3 Qxc5 29. Qxc5 bxc5 30. gxh4 Bb7 31. Bc3 Kc8 32. Bf3 Bxd5 33. Bxd5 Kd7 34. f4
Rb8 35. fxe5 fxe5 36. Rbd1 Rxf1+ 37. Kxf1 Rf8+ 38. Kg2 c6 39. Bf3 Nf5 40. Bg4
Kd6 41. h5 Nd4 42. hxg6 hxg6 43. Bxd4 cxd4 44. Bf3 Rb8 45. Be4 Bf6 46. Kg3 c5
47. Kg4 g5 48. Rf1 Ke7 49. Kf5 Kf7 50. Rf3 Rh8 51. h3 Rb8 52. a4 a5 53. Bd5+
Ke7 1/2-1/2

[Event "Frankfurt Ch A 2015"]
[Site "Ffm-Höchst, BiKuZ"]
[Date "2015.06.15"]
[Round "7.28"]
[White "Hinz, André"]
[Black "Rutsatz, Mario"]
[Result "1/2-1/2"]
[WhiteElo "1690"]
[BlackElo "1917"]
[PlyCount "136"]
[EventDate "2015.??.??"]
[WhiteTeam "VfB Lettin"]
[BlackTeam "SF Frankfurt"]

1. c4 Nf6 2. g3 g6 3. Bg2 Bg7 4. Nf3 O-O 5. O-O c6 6. Nc3 d6 7. b4 a5 8. b5 Be6
9. Qa4 Nbd7 10. bxc6 bxc6 11. Nd4 Nc5 12. Qxc6 Rc8 13. Nxe6 fxe6 14. Qb5 Nfe4
15. Qb2 Na4 16. Qc2 Naxc3 17. dxc3 Nxc3 18. Bb2 Rxc4 19. Qd3 Qc7 20. Bh3 Kh8
21. Bxe6 Rb4 22. Bxc3 Qxc3 23. Qxc3 Bxc3 24. Rac1 Bf6 25. Rc2 Rfb8 26. Rfc1 Kg7
27. Kg2 Bb2 28. Rb1 Kf6 29. Bb3 Bd4 30. Rd1 e6 31. e3 Bc5 32. Bc4 Rb2 33. Rdd2
Rxc2 34. Rxc2 d5 35. Bxd5 Bxe3 36. Rc6 Ke5 37. Rxe6+ Kxd5 38. Rxe3 Kc4 39. Ra3
Rb5 40. Ra4+ Kc5 41. Kf3 Kb6 42. Re4 Rb2 43. Re2 Rb1 44. Ke3 Kc5 45. Kd3 Kb4
46. Kc2 Ra1 47. Kb2 Rd1 48. h4 a4 49. Re4+ Kb5 50. Re2 Rd3 51. Re5+ Kb4 52.
Re4+ Kb5 53. Rf4 a3+ 54. Kc2 Rd5 55. g4 h5 56. f3 Re5 57. Re4 Rxe4 58. fxe4
hxg4 59. Kd3 Kc5 60. Ke3 g3 61. Kf3 Kd4 62. Kxg3 Kxe4 63. Kg4 Kd3 64. Kg5 Kc2
65. Kxg6 Kb2 66. h5 Kxa2 67. h6 Kb1 68. h7 a2 1/2-1/2

[Event "Frankfurt Ch A 2015"]
[Site "Ffm-Höchst, BiKuZ"]
[Date "2015.06.15"]
[Round "7.30"]
[White "Rauscher, Joachim"]
[Black "Göbel, Andreas"]
[Result "0-1"]
[WhiteElo "1714"]
[BlackElo "1897"]
[PlyCount "120"]
[EventDate "2015.??.??"]
[WhiteTeam "SC Brett vorm Kopp"]
[BlackTeam "SC Brett vorm Kopp"]

1. e4 c5 2. Nf3 Nc6 3. d4 cxd4 4. Nxd4 Nf6 5. Nc3 g6 6. f3 Bg7 7. Be3 O-O 8.
Qd2 d5 9. Nxc6 bxc6 10. e5 Nd7 11. f4 e6 12. Be2 c5 13. Bf2 Rb8 14. Rb1 f6 15.
Bg4 Qe7 16. Bh4 Ba6 17. Nxd5 exd5 18. Qxd5+ Kh8 19. Qxd7 Qxd7 20. Bxd7 fxe5 21.
fxe5 Bxe5 22. Kd1 Rbd8 23. Bxd8 Rxd8 24. Kd2 Rxd7+ 25. Ke3 Bd4+ 26. Kf4 Rf7+
27. Kg3 Bf2+ 28. Kh3 Bc8+ 29. g4 h5 30. Kg2 Bb7+ 31. Kh3 Bxh1 32. Rxh1 hxg4+
33. Kxg4 Bd4 34. c3 Be5 35. h4 Kg7 36. Re1 Rf4+ 37. Kg5 Rf5+ 38. Kg4 Kf6 39.
Re2 Rf4+ 40. Kh3 Rf3+ 41. Kg2 Rf4 42. Kh3 Kf5 43. a3 Bf6 44. Rd2 Rxh4+ 45. Kg3
Rc4 46. Rf2+ Ke6 47. Rf3 g5 48. Re3+ Kf5 49. Rf3+ Ke6 50. Re3+ Be5+ 51. Kg2 g4
52. Rd3 Re4 53. Rd2 g3 54. b4 Bxc3 55. Rc2 cxb4 56. axb4 Re3 57. b5 Kd5 58. Ra2
Bd4 59. Rc2 Rb3 60. Rc1 Bf2 0-1

[Event "Frankfurt Ch A 2015"]
[Site "Ffm-Höchst, BiKuZ"]
[Date "2015.06.15"]
[Round "7.31"]
[White "Lemonidis, Christos"]
[Black "Schmitt, Roland"]
[Result "1-0"]
[WhiteElo "1686"]
[BlackElo "1884"]
[PlyCount "53"]
[EventDate "2015.??.??"]
[WhiteTeam "SC Nied"]
[BlackTeam "SK Großsachsen"]

1. e4 c5 2. d3 Nc6 3. g3 g6 4. Bg2 Bg7 5. c3 Nf6 6. Nh3 O-O 7. O-O d5 8. Nd2 h6
9. f4 Bg4 10. Qc2 d4 11. Nf2 b5 12. e5 Nd5 13. Bxd5 Qxd5 14. Nxg4 h5 15. Nf2
Rac8 16. c4 bxc4 17. Qxc4 Qd7 18. Nb3 Bxe5 19. fxe5 Nxe5 20. Qc2 c4 21. Qe2 f6
22. Nd2 c3 23. Nf3 Nc6 24. bxc3 dxc3 25. Ba3 Rfe8 26. Rac1 e5 27. Ne4 1-0

[Event "Frankfurt Ch A 2015"]
[Site "Ffm-Höchst, BiKuZ"]
[Date "2015.06.15"]
[Round "7.32"]
[White "Fröhlich-Dill, Astrid"]
[Black "Neubauer, Robert"]
[Result "1-0"]
[WhiteElo "1861"]
[BlackElo "1670"]
[PlyCount "76"]
[EventDate "2015.??.??"]
[WhiteTeam "SV Hofheim"]
[BlackTeam "SK Bad Homburg"]

1. d4 Nf6 2. c4 g6 3. Nc3 d5 4. cxd5 Nxd5 5. e4 Nxc3 6. bxc3 Bg7 7. Bc4 c5 8.
Ne2 Nc6 9. Be3 O-O 10. O-O Bg4 11. f3 Bd7 12. Qd2 Qc7 13. Rac1 Rfd8 14. Bf4 e5
15. Bg3 Qa5 16. d5 Nd4 17. Qb2 Nb5 18. Bxb5 Qxb5 19. Rb1 Qxb2 20. Rxb2 b6 21.
c4 Rf8 22. Nc3 f5 23. Nb5 fxe4 24. fxe4 Bxb5 25. Rxb5 Bh6 26. Rb3 Bf4 27. Bxf4
Rxf4 28. Rxf4 exf4 29. Kf2 g5 30. Kf3 Re8 31. Ra3 Re7 32. d6 Rd7 33. e5 Kf7 34.
Ke4 Kg6 35. Kd5 g4 36. e6 Rd8 37. e7 Re8 38. Ke6 f3 1-0

[Event "Frankfurt Ch A 2015"]
[Site "Ffm-Höchst, BiKuZ"]
[Date "2015.06.15"]
[Round "7.33"]
[White "Krischak, Werner"]
[Black "Dreis, Volker"]
[Result "1/2-1/2"]
[WhiteElo "1681"]
[BlackElo "1847"]
[PlyCount "48"]
[EventDate "2015.??.??"]
[WhiteTeam "SK Marburg"]
[BlackTeam "SV Frankfurt Nord"]

1. d4 Nf6 2. c4 e6 3. Nc3 Bb4 4. Qc2 d5 5. cxd5 exd5 6. a3 Bxc3+ 7. bxc3 O-O 8.
Bg5 h6 9. Bh4 g5 10. Bg3 Ne4 11. e3 Bf5 12. Bd3 Nxg3 13. hxg3 Bxd3 14. Qxd3 Qf6
15. Nf3 Nd7 16. Rh5 Qg7 17. Ke2 Nf6 18. Rh2 Ng4 19. Rh3 Qg6 20. Qxg6+ fxg6 21.
Rf1 Rae8 22. Ne5 Nxe5 23. dxe5 Rxe5 24. Rxh6 Kg7 1/2-1/2

[Event "Frankfurt Ch A 2015"]
[Site "Ffm-Höchst, BiKuZ"]
[Date "2015.06.15"]
[Round "7.34"]
[White "Stricker, Konstantin"]
[Black "Bittner, Peter"]
[Result "0-1"]
[WhiteElo "1666"]
[BlackElo "1814"]
[PlyCount "100"]
[EventDate "2015.??.??"]
[WhiteTeam "SC Eschbach"]
[BlackTeam "SC Nied"]

1. e4 c5 2. Nf3 d6 3. d4 cxd4 4. Nxd4 Nf6 5. Nc3 g6 6. Bb5+ Bd7 7. Bxd7+ Nbxd7
8. Bg5 Bg7 9. Qd2 a6 10. Rb1 O-O 11. O-O Rc8 12. Kh1 b5 13. a3 Qb6 14. Rfe1 e6
15. Rbd1 Ne5 16. b3 Qc7 17. Re3 h6 18. Bxf6 Bxf6 19. Nde2 Ng4 20. Rf3 d5 21.
Qf4 Qxf4 22. Rxf4 Nxf2+ 23. Rxf2 Bxc3 24. exd5 exd5 25. Nxc3 Rxc3 26. Rxd5 Rfc8
27. Rdd2 Rxb3 28. h3 Rxa3 29. Rd7 Rf8 30. Ra7 Kg7 31. Rd2 Ra2 32. Kg1 b4 33.
Rd4 Rc8 34. Rdd7 Ra1+ 35. Kh2 Rf1 36. Rxa6 Rxc2 37. Rb7 Rff2 38. Rxb4 Rxg2+ 39.
Kh1 Rh2+ 40. Kg1 Rxh3 41. Rf4 Rb3 42. Rf1 Rb7 43. Raf6 Re2 44. Kh1 Re6 45. R6f3
f5 46. Rg1 Kh7 47. Kh2 Re2+ 48. Kh3 Rbb2 49. Kg3 Kg7 50. Kf4 Rb4+ 0-1

[Event "Frankfurt Ch A 2015"]
[Site "Ffm-Höchst, BiKuZ"]
[Date "2015.06.15"]
[Round "7.35"]
[White "Barisch, Florian"]
[Black "Leibold, Mathias"]
[Result "1/2-1/2"]
[WhiteElo "1789"]
[BlackElo "1616"]
[PlyCount "53"]
[EventDate "2015.??.??"]
[WhiteTeam "SC Butzbach"]
[BlackTeam "SV Fechenheim"]

1. d4 d5 2. Bf4 e6 3. e3 Bd6 4. Bg3 Nf6 5. Nd2 c5 6. c3 Nc6 7. Ngf3 c4 8. Be2
O-O 9. O-O Ne7 10. Bxd6 Qxd6 11. Qc2 Ng6 12. Rfd1 b5 13. Ne1 e5 14. dxe5 Nxe5
15. Ndf3 Nxf3+ 16. Bxf3 Qe6 17. Rd4 Bb7 18. Rad1 a5 19. g3 b4 20. Ng2 g5 21.
Ne1 Bc6 22. Qd2 bxc3 23. Qxc3 Rfb8 24. Bg2 h6 25. R1d2 Rb5 26. h3 a4 27. g4
1/2-1/2

[Event "Frankfurt Ch A 2015"]
[Site "Ffm-Höchst, BiKuZ"]
[Date "2015.06.15"]
[Round "7.36"]
[White "Mahnke, Ralf"]
[Black "Zerhusen, Martin"]
[Result "1-0"]
[WhiteElo "1873"]
[BlackElo "1596"]
[PlyCount "97"]
[EventDate "2015.??.??"]
[WhiteTeam "SC Nidderau"]
[BlackTeam "SV Oberursel"]

1. d4 d5 2. c4 c6 3. Nf3 Nf6 4. Nc3 e6 5. Bg5 Be7 6. e3 O-O 7. Rc1 Nbd7 8. Bd3
b6 9. O-O Bb7 10. cxd5 cxd5 11. Qa4 a6 12. h3 b5 13. Qb3 Rc8 14. Bf4 Nb6 15.
Nb1 Bd6 16. Bxd6 Qxd6 17. Nbd2 Rc7 18. Ne5 Rfc8 19. Rxc7 Rxc7 20. Bb1 Nfd7 21.
Qd3 f5 22. Ndf3 Nxe5 23. Nxe5 Nc4 24. Nxc4 Rxc4 25. Qd2 Qc7 26. Bd3 Rc6 27. f3
Qb6 28. f4 a5 29. b4 a4 30. Rc1 Rxc1+ 31. Qxc1 Bc6 32. Qc5 Qxc5 33. dxc5 Kf7
34. Kf2 Kf6 35. g3 Kf7 36. Ke1 Kf6 37. Kd2 Bd7 38. Kc3 h5 39. Kd4 Bc6 40. a3
Bd7 41. c6 Bxc6 42. Kc5 Bb7 43. Bxb5 e5 44. Bxa4 exf4 45. gxf4 g5 46. fxg5+
Kxg5 47. Bd7 Kf6 48. b5 Ke5 49. Bc6 1-0

[Event "Frankfurt Ch A 2015"]
[Site "Ffm-Höchst, BiKuZ"]
[Date "2015.06.15"]
[Round "7.37"]
[White "Diehl, Stefan"]
[Black "Cichon, Jörg"]
[Result "1/2-1/2"]
[WhiteElo "1739"]
[BlackElo "1581"]
[PlyCount "31"]
[EventDate "2015.??.??"]
[WhiteTeam "SC Höchst"]
[BlackTeam "SF Mainz"]

1. f4 d5 2. Nf3 g6 3. e3 Bg7 4. d4 c5 5. c3 cxd4 6. exd4 Nf6 7. Bd3 O-O 8. O-O
Ne4 9. Nbd2 f5 10. Bc2 h6 11. Ne5 Kh7 12. Qe1 Nd7 13. Ndf3 Nxe5 14. Nxe5 Qe8
15. Nf3 Bf6 16. Nd2 1/2-1/2